
Library Catalogue

| 000 -LEADER | |
|---|---|
| fixed length control field | 01189nam a2200217Ia 4500 |
| 003 - CONTROL NUMBER IDENTIFIER | |
| control field | OSt |
| 005 - DATE AND TIME OF LATEST TRANSACTION | |
| control field | 20210213105059.0 |
| 008 - FIXED-LENGTH DATA ELEMENTS--GENERAL INFORMATION | |
| fixed length control field | 160316s2002 xxu||||| |||| 00| 0 eng d |
| 020 ## - INTERNATIONAL STANDARD BOOK NUMBER | |
| International Standard Book Number | 9789041119353 |
| 040 ## - CATALOGING SOURCE | |
| Transcribing agency | N |
| 082 ## - DEWEY DECIMAL CLASSIFICATION NUMBER | |
| Classification number | 330.947000 |
| Item number | RIT |
| 100 ## - MAIN ENTRY--PERSONAL NAME | |
| Personal name | Rittich Kerry |
| 245 ## - TITLE STATEMENT | |
| Title | Recharacterizing restructuring : Law, distribution and gender in market reform |
| 260 ## - PUBLICATION, DISTRIBUTION, ETC. | |
| Place of publication, distribution, etc. | The Hague |
| Name of publisher, distributor, etc. | Kluwer Law International |
| Date of publication, distribution, etc. | 2002 |
| 300 ## - PHYSICAL DESCRIPTION | |
| Extent | 318p |
| Dimensions | xiii |
| 365 ## - TRADE PRICE | |
| Price amount | Rs. 15,622 |
| 505 ## - FORMATTED CONTENTS NOTE | |
| Formatted contents note | Table of contents<br/>Introduction;<br/>Part I: 1. Economic Development in the Neoliberal Style: The Case of Transition;<br/>2. Neoliberal Images of Legal Regulation and the State;<br/>3. Theoretical Antecedents of Neoliberalism;<br/>4. Law and Distribution in the Market: A Post-Realist View;<br/>5. Recharacterizing Restructuring;<br/>Part II: 6. The Gender of Restructuring;<br/>7. Gender Equity in the World Bank: The Case of Restructuring;<br/>8. Poverty Versus Equality;<br/>Conclusion;<br/>Bibliography;<br/>Index |
| 650 ## - SUBJECT ADDED ENTRY--TOPICAL TERM | |
| Topical term or geographic name entry element | 1.Organizational Change - Trade Regulation2. Post-Communism - Economic Aspects3. Women - Economic Conditions - Eastern Europe 4. Law & Economic Development |
| 700 ## - ADDED ENTRY--PERSONAL NAME | |
| Personal name | |
| -- | |
| 942 ## - ADDED ENTRY ELEMENTS (KOHA) | |
| Source of classification or shelving scheme | Dewey Decimal Classification |
| Koha item type | BOOKs |
| Withdrawn status | Lost status | Damaged status | Not for loan | Home library | Current library | Shelving location | Date acquired | Cost, normal purchase price | Total Checkouts | Full call number | Barcode | Date last seen | Price effective from | Koha item type |
|---|---|---|---|---|---|---|---|---|---|---|---|---|---|---|
| Not For Loan | NLS | NLS | REFERENCE SECTION | 30/05/2017 | 15622.00 | 330.947 RIT | 33743 | 30/05/2017 | 30/05/2017 | BOOKs |